01670nam a2200397 i 450000100060000000300090000600500170001500800410003201500180007302000150009103500210010604000280012704100130015508000110016808000090017924502420018826000810043030000280051133600270053933700540056633800270062038000160064738000230066338800100068650001190069650400240081554600260083965800280086565000120089365500290090570000460093470000340098071100990101471000610111385600980117456654KOSZ 00520200504104659.0061201s2006 pl a |100 0 pol  aPB 2006/25168 a8374810432 a(OCoLC)749133730 aWA NcWA NdKOSZ 005/HR0 apolaeng a621.01 a(06)00aTeoria maszyn i mechanizmów.nT. 2 /cred. Józef Wojnarowski, Mirosław Galicki ; Wydział Mechaniczny Uniwersytetu Zielonogórskiego, Polski Komitet Teorii Maszyn i Mechanizmów przy Komitecie Budowy Maszyn Polskiej Akademii Nauk. aZielona Góra :bOficyna Wydawnicza Uniwersytetu Zielonogórskiego,c2006. a304 s. :bil. ;c25 cm. 2rdacontentaTekstbtxt 2rdamediaaBez urządzenia pośredniczącegobn 2rdacarrieraWoluminbn aKsiążki aPublikacje naukowe a2001- aMateriały z XX Konferencji Naukowo Dydaktycznej Teorii Maszyn i Mechanizmów, Zielona Góra, wrzesień 2006 r. aBibliogr. przy ref. aTekst częśc. ang. aInżynieria i technika 4aMaszyny 4aMateriały konferencyjne1 aWojnarowski, Józefd(1933- ).eRedakcja1 aGalicki, Mirosław.eRedakcja2 aKonferencja Naukowo Dydaktyczna Teorii Maszyn i Mechanizmówn(20 ;d2006 ;cZielona Góra).2 aOficyna Wydawnicza Uniwersytetu Zielonogórskiego4pbl. uhttp://koha.tu.koszalin.pl/cgi-bin/koha/opac-detail.pl?biblionumber=56654yKatalog online BPK